Statistics for Top 25 Oscar-Winning Films

Click here to take the quiz!

General Stats

  • This quiz has been taken 2,485 times
  • The average score is 8 of 25

Answer Stats

Year Oscars Genre Answer % Correct
199711DramaTitanic
93%
200311FantasyLord of the Rings:
The Return of the King
80%
19398DramaGone With the Wind
60%
195911DramaBen-Hur
58%
196110MusicalWest Side Story
53%
19937DramaSchindler's List
38%
19728MusicalCabaret
32%
19969DramaThe English Patient
31%
19648MusicalMy Fair Lady
31%
20088DramaSlumdog Millionaire
29%
19907DramaDances With Wolves
28%
19828DramaGandhi
28%
19848DramaAmadeus
27%
19987DramaShakespeare in Love
27%
19548DramaOn the Waterfront
24%
19589MusicalGigi
22%
19857DramaOut of Africa
22%
19627DramaLawrence of Arabia
20%
19879DramaThe Last Emperor
19%
19737DramaThe Sting
19%
19707DramaPatton
18%
19577DramaThe Bridge on the River Kwai
17%
19538DramaFrom Here to Eternity
15%
19467DramaThe Best Years of Our Lives
12%
19447DramaGoing My Way
9%

Score Distribution

Percentile by Number Answered

Percent of People with Each Score

Your Score History

You have not taken this quiz